Sydney Sweeney - All Movies - Statistics

General Stats
  • This quiz has been taken 28 times
  • The average score is 2 of 27
Answer Stats
Year Movie % Correct
2023 Anyone But You
100%
2025 Christy
40%
2024 Madame Web
35%
2024 Eden
15%
2024 Immaculate
15%
2019 Once Upon a Time... in Hollywood
10%
2021 The Voyeurs
10%
2023 Americana
5%
2019 Clementine
5%
2018 Along Came the Devil
0%
2016 Angels in Stardust
0%
2019 Big Time Adolescence
0%
2016 Cassidy Way
0%
2021 Downfalls High
0%
2025 Echo Valley
0%
2017 Giant Killer Ants
0%
2021 Night Teeth
0%
2020 Nocturne
0%
2010 Poppies: Odyssey of an Opium Eater
0%
2023 Reality
0%
2018 Relentless
0%
2013 Spiders 3D
0%
2015 Stolen from the Suburbs
0%
2015 The Martial Arts Kid
0%
2010 The Ward
0%
2017 Vikes
0%
2009 ZMD: Zombies of Mass Destruction
0%
No matching quizzes found
Score Distribution
Percent of People with Each Score
Percentile by Number Answered
Your Score History
You have not taken this quiz